000 00826nam a22002297a 4500
999 _c10469
_d10469
003 AR-CdUCM
008 190401b ||||| |||| 00| 0 spa d
040 _aMUNICIPALIDAD PROVINCIAL DEL CUSCO
_cBIBLIOTECA MUNICIPAL DEL CUSCO
082 _aEP / 372.036 /
_bV32
100 _aVasquez Urday, Carlos Emilio
_926831
245 _aMi Perú :
_b6to grado /
260 _aLima :
_bStella,
300 _a640 paginas ;
_c25 cm.
440 _aEnciclopedia escolar
_927345
505 _aContenido :Matemática -- Ciencias naturales -- Lenguaje -- Historia del Perú -- Geografía -- Educación cívica ...
650 _aEducación primaria
_91561
700 _aHeredia Lemus, Maria E.
_927346
700 _aMiranda Robles, Eloisa H.
_927347
700 _aSierra Manchengo, Siles E.
_927348
942 _2ddc
_cLIBROS
945 _arum